000 01463nam a2200397 4500
003 OSt
005 20260601193851.0
008 260507b1999 mx ||||| |||| 00| 0 spa d
040 _aICI
_bSPA
_cICI
041 _aSPA
050 _aTP897 L66 1999
100 1 _aLópez Castro, Rafael
_93345
245 1 _aRafael López Castro.
260 _aMéxico :
_bConsejo de Diseñadores de México,
_c1999.
264 _bBiblioteca de Diseño Quorum
_c1999
300 _a72 paginas
_bilustraciones.
336 _atexto
_2rdacontent
337 _asin medio
_2rdamedia
338 _avolumen
_2rdacarrier
490 _aBiblioteca de Diseño Quórum
600 _aLópez Castro, Rafael
_xCatálogos
_932254
650 _aDiseño gráfico
_xMéxico.
650 _aCarteles mexicanos.
_932256
651 _aArte gráfico mexicano.
_932257
651 _aIlustración mexicana.
_932258
651 _aDiseñadores gráficos
_xMéxico
_932259
700 _aCalderón Eduardo
_eCoordinación editorial
700 _aContreras Helena
_eAuxiliar de Coordinación
_932261
700 _aMireles Diseño
_eDiseño
_932262
700 _aComesaña María de los Ángeles
_eSupervisión de redacción
_932263
700 _aMozka Richard
_eTraductor
_932264
700 _aEdgar Espinoza Studios S.C.
_eFtgrafía obra
_932265
700 _aComité XPremio Quórum
_eEdición
_932266
700 _aChampange Fine Printing
_eSelecciones de color e impresión
_932267
942 _2lcc
_cB
_n1
999 _c21845
_d21845